000 00697cam a22002651a 4500
999 _c23646
_d23646
001 YPZ93544
003 YPZ
005 20200522075847.0
008 101021|###########||||||b||||||||||spa|d
020 _a9789875743571 (v.1)
040 _cSIUNPA
041 _aspa
044 _aag
080 _a930(82) A175h
100 _aAcha, Omar.
245 _aHistoria crĂ­tica de la historiografĂ­a argentina
_c/ Omar Acha
260 _aBuenos Aires
_b : Prometeo Libros
_c , 2009
300 _av.
500 _aLa biblioteca posee v.1
505 _aContenido: v.1. Las izquierdas en el siglo XX
650 _a HISTORIOGRAFIA
650 _a SIGLO XX
650 _a ARGENTINA
942 _cBK
_2udc